Welcome to the Holygrace Academy Library

Please use search bar below to get started

A TECTBOOK OF INVERTEBRATES (Record no. 1389)

MARC details
000 -LEADER
fixed length control field 00313nam a22001337a 4500
082 ## - DEWEY DECIMAL CLASSIFICATION NUMBER
Classification number 592
Item number NAI/T
100 ## - MAIN ENTRY--AUTHOR NAME
Personal name NAIR, N.C
100 ## - MAIN ENTRY--AUTHOR NAME
Personal name LEELAVATHY, S
245 ## - TITLE STATEMENT
Title A TECTBOOK OF INVERTEBRATES
260 ## - PUBLICATION, DISTRIBUTION, ETC. (IMPRINT)
Place of publication NAGARCOIL
Name of publisher SARAS PUBLICATIONS
Year of publication 2004
300 ## - PHYSICAL DESCRIPTION
Number of Pages 1073
650 ## - SUBJECT ADDED ENTRY--TOPICAL TERM
Topical Term BIOLOGY REFERENCE
Geographic subdivision INDIA
942 ## - ADDED ENTRY ELEMENTS (KOHA)
Koha item type Books
Holdings
Withdrawn status Lost status Collection code Home library Current library Shelving location Date acquired Source of acquisition Cost, normal purchase price Full call number Accession Number Koha item type
    Reference Main Library Main Library SHELF-5 D REFERENCEBIOLOGY 18/03/2006 purchase 190.00 592 NAI/T 02283 Books